000 00820nam a22002777a 4500
003 dpl
005 20180802132027.0
008 180802b xxu||||| |||| 00| 0 eng d
010 _aB-159301
020 _a8176295590
_c550.00
035 _aB-159301
037 _bBPPD/PUB
040 _aDPL
_bEN
_c0
082 _a338.954
100 _aGupta, K.L.
245 _aNew Indian economy and reforms /
_cK.L. Gupta and Harvinder Kaur
246 _b
260 _aNew Delhi
_bDeep & Deep Publications Pvt. Ltd.
_c2004
270 _aF-159, Rajouri Garden,
_bNew Delhi
_e110027
300 _axvi, 358p.
_c24cm(Hb)
500 _aincludes index
650 _aEconomics
_9106465
650 _aForiegn Relations
_zIndia and Russia
_91646
700 _aKaur, Harvinder
942 _2ddc
_cEN
_h338.954
_mGUP
999 _c155304
_d155304